The computer and the library : (Record no. 137236)
[ view plain ]
| 000 -LEADER | |
|---|---|
| fixed length control field | 00896cam7a220024100 4500 |
| 001 - CONTROL NUMBER | |
| control field | qce02605867 |
| 005 - DATE AND TIME OF LATEST TRANSACTION | |
| control field | 20190822125643.0 |
| 008 - FIXED-LENGTH DATA ELEMENTS--GENERAL INFORMATION | |
| fixed length control field | 661202s1966 enk 000 0 eng d |
| 035 ## - SYSTEM CONTROL NUMBER | |
| System control number | (Sirsi) r96390 |
| 035 ## - SYSTEM CONTROL NUMBER | |
| System control number | (QCAT)lss04935226 |
| 035 ## - SYSTEM CONTROL NUMBER | |
| System control number | (UPRA)qce02605867 |
| 040 ## - CATALOGING SOURCE | |
| Modifying agency | UPRA |
| 060 0# - NATIONAL LIBRARY OF MEDICINE CALL NUMBER | |
| Classification number | Z 699 |
| Item number | C877c 1966 |
| 100 1# - MAIN ENTRY--PERSONAL NAME | |
| Personal name | Cox, Nigel S. M. |
| Linkage | A22989.1 |
| 245 14 - TITLE STATEMENT | |
| Title | The computer and the library : |
| Remainder of title | the role of the computer in the organization and handling of information in libraries [by] N.S.M. Cox [et al. |
| 260 ## - PUBLICATION, DISTRIBUTION, ETC. | |
| Place of publication, distribution, etc. | Newcastle upon Tyne] : |
| Name of publisher, distributor, etc. | Univ. of Newcastle upon Tyne Library, |
| Date of publication, distribution, etc. | 1966. |
| 440 #0 - SERIES STATEMENT/ADDED ENTRY--TITLE | |
| Title | Newcastle upon Tyne. University. Library. Publications ; |
| Volume/sequential designation | no. 4 |
| Linkage | S9052.1 |
| 504 ## - BIBLIOGRAPHY, ETC. NOTE | |
| Bibliography, etc. note | Bibliography: p. 94. |
| 700 1# - ADDED ENTRY--PERSONAL NAME | |
| Personal name | Dews, J. D. |
| Linkage | A55073.1 |
| 700 1# - ADDED ENTRY--PERSONAL NAME | |
| Personal name | Dolby, J. L. |
| Linkage | A23703.1 |
| 949 ## - LOCAL PROCESSING INFORMATION (OCLC) | |
| a | Z678.9 |
| w | lcc |
| i | 33729001427488 |
| m | MAIN |
| p | 2500 |
| t | BOOK |
| l | ON-SHELF |
No items available.